|
|
|
|
| LEADER |
01176naa a2200253 i 4500 |
| 001 |
publ23586 |
| 005 |
20220217153521.0 |
| 008 |
220217s2019 hu o 0|| Magyar d |
| 020 |
|
|
|a 9789633153925
|
| 024 |
7 |
|
|a 30776696
|2 mtmt
|
| 040 |
|
|
|a SZTE Publicatio Repozitórium
|b hun
|
| 041 |
|
|
|a Magyar
|
| 100 |
1 |
|
|a Asztalos Andrea
|
| 245 |
1 |
3 |
|a Az alsó tagozatos tanulók zenei képességfejlesztéséről alkotott pedagógus-nézetek
|h [elektronikus dokumentum] /
|c Asztalos Andrea
|
| 260 |
|
|
|a JATE Press Szegedi Egyetemi Kiadó
|b Szeged
|c 2019
|
| 300 |
|
|
|a 15
|
| 300 |
|
|
|a 5-19
|
| 490 |
0 |
|
|a Zenepedagógia határok nélkül : Tanulmánykötet
|
| 650 |
|
4 |
|a Pszichológia
|
| 650 |
|
4 |
|a Oktatástudomány
|
| 650 |
|
4 |
|a Művészetek (művészetek, művészettörténet, előadóművészetek, zene)
|
| 856 |
4 |
0 |
|u http://publicatio.bibl.u-szeged.hu/23586/1/AsztalosAndrea_Azalsotagozatostanulokzeneikepessegfejleszteserolalkotottpedagogusnezetek_VGELEGESJO.pdf
|z Dokumentum-elérés
|
| 856 |
4 |
0 |
|u http://publicatio.bibl.u-szeged.hu/23586/7/30776696.pdf
|z Dokumentum-elérés
|
| 856 |
4 |
0 |
|u http://publicatio.bibl.u-szeged.hu/23586/8/30776696_c%C3%ADmlap_tartj.pdf
|z Dokumentum-elérés
|